The meaning of state supervision in the social protection of children, (Record no. 36320)
[ view plain ]
| 000 -LEADER | |
|---|---|
| fixed length control field | 00902cam a22002411 4500 |
| 001 - CONTROL NUMBER | |
| control field | l 40000037 |
| 003 - CONTROL NUMBER IDENTIFIER | |
| control field | DLC |
| 005 - DATE AND TIME OF LATEST TRANSACTION | |
| control field | 20260227111537.0 |
| 008 - FIXED-LENGTH DATA ELEMENTS--GENERAL INFORMATION | |
| fixed length control field | 820626s1940 xx 000 0 eng |
| 010 ## - LIBRARY OF CONGRESS CONTROL NUMBER | |
| LC control number | l 40000037 |
| 035 ## - SYSTEM CONTROL NUMBER | |
| System control number | (OCoLC)14723049 |
| 040 ## - CATALOGING SOURCE | |
| Original cataloging agency | DLC |
| Transcribing agency | DNLM |
| Modifying agency | OCoLC |
| -- | DLC |
| 042 ## - AUTHENTICATION CODE | |
| Authentication code | premarc |
| 050 00 - LIBRARY OF CONGRESS CALL NUMBER | |
| Classification number | HV741 |
| Item number | .W35 |
| 060 0# - NATIONAL LIBRARY OF MEDICINE CALL NUMBER | |
| Classification number | W1 |
| Item number | UN6181 no.252 1940 |
| 100 1# - MAIN ENTRY--PERSONAL NAME | |
| Personal name | Welch, Kathryn Hand, |
| Dates associated with a name | 1906- |
| 245 14 - TITLE STATEMENT | |
| Title | The meaning of state supervision in the social protection of children, |
| Statement of responsibility, etc. | by Kathryn H. Welch ... |
| 260 ## - PUBLICATION, DISTRIBUTION, ETC. | |
| Place of publication, distribution, etc. | Washington, |
| Name of publisher, distributor, etc. | U.S. Govt. print. off., |
| Date of publication, distribution, etc. | 1940. |
| 300 ## - PHYSICAL DESCRIPTION | |
| Extent | ii, 22 p. |
| 410 10 - SERIES STATEMENT/ADDED ENTRY--CORPORATE NAME [OBSOLETE, CAN/MARC], [LOCAL, USA] | |
| Corporate name or jurisdiction name as entry element | United States. |
| Subordinate unit | Children's Bureau. |
| Title of a work | Publication |
| Volume number/sequential designation | no. 252 |
| 500 ## - GENERAL NOTE | |
| General note | At head of title: United States Department of labor. Frances Perkins, secretary. Children's bureau. Katharine F. Lenroot, chief. |
| 740 0# - ADDED ENTRY--UNCONTROLLED RELATED/ANALYTICAL TITLE | |
| Uncontrolled related/analytical title | State supervision in the social protection of children |
No items available.